000 00604cam a22001457a 4500
008 180718b1968 xxu||||| |||| 00| 0 eng d
082 _aL26x54 In2r/In
100 _aIndia. Road Transport Taxation Enquiry Committee on Inter-State Transport
245 _aInterim report of the Road Transport Taxation Enquiry Committee on Inter-State Transport, December 1966
_cby Ministry of Transport and Shipping
260 _aDelhi
_bThe Manager of Publications
_c1968
300 _a65+p.
500 _aChairman: B.V. Keskar
700 _aIndia. Ministry of Transport and Shipping
700 _aKeskar, B.V. (Chairman)
999 _c489515
_d489515